مكتبة جامعة عجلون الوطنية

فهرس بحث المكتبة

Normal view MARC view
  • عبدالله،ميسون يونس مترجم/سليمان،محمد طالب السيد مراجع

Entry Personal Name

Number of records used in: 1

001 - CONTROL NUMBER

  • control field: 11838

003 - CONTROL NUMBER IDENTIFIER

  • control field: JO-AjAnu

005 - DATE AND TIME OF LATEST TRANSACTION

  • control field: 20230606072210.0

008 - FIXED-LENGTH DATA ELEMENTS

  • fixed length control field: 230606|| aca||aabn | a|a d

040 ## - CATALOGING SOURCE

  • Original cataloging agency: JO-AjAnu
  • Transcribing agency: JO-AjAnu

100 ## - HEADING--PERSONAL NAME

  • Personal name: عبدالله،ميسون يونس مترجم/سليمان،محمد طالب السيد مراجع

670 ## - SOURCE DATA FOUND

  • Source citation: Work cat.: (JO-AjAnu)6097: عبدالله،ميسون يونس مترجم/سليمان،محمد طالب السيد مراجع, author, Forrest W Parkay ; Beverly Jarcastle Stanfort. = فن التدريس : مستقبلك في مهنة التدريس